| 000 | 07121namaa22004331i 4500 | ||
|---|---|---|---|
| 003 | EG-GICUC | ||
| 005 | 20260511122419.0 | ||
| 008 | 260511s2025 ua a|||frm||| 000 0 eng d | ||
| 040 |
_aEG-GICUC _beng _cEG-GICUC _dEG-GICUC _erda |
||
| 041 | 0 |
_aeng _beng _bara |
|
| 049 | _aDeposit | ||
| 082 | 0 | 4 | _a615.798 |
| 092 |
_a615.798 _221 |
||
| 097 | _aM.Sc | ||
| 099 | _aCai01.27.02.M.Sc.2025.Ne.E | ||
| 100 | 0 |
_aNeama Ibrahim Mohammed Mohammed, _epreparation. |
|
| 245 | 1 | 0 |
_aEvaluation of anticancer activity of some newly developed phytochemicals loaded nanoparticles / _cby Neama Ibrahim Mohammed Mohammed ; Supervisors Prof. Dr. Rabab Mahmoud Ahmed El-Sherif, Prof. Dr. Ibrahim Mohammed El -Sherbiny. |
| 246 | 1 | 5 | _aتقييم النشاط المضاد للسرطان لبعض الجسيمات النانومتريه المحمله بالمواد الكيميائيه النباتيه المطوره حديثا. |
| 264 | 0 | _c2025. | |
| 300 |
_a74 pages : _billustrations ; _c30 cm. + _eCD. |
||
| 336 |
_atext _2rda content |
||
| 337 |
_aUnmediated _2rdamedia |
||
| 338 |
_avolume _2rdacarrier |
||
| 502 | _aThesis (M.Sc)-Cairo University, 2025. | ||
| 504 | _aBibliography: pages 66-96. | ||
| 520 | 3 | _aBreast cancer (BC) remains one of the most aggressive and life-threatening malignancies among women worldwide. Clinical outcomes are determined by multiple factors, Crude extracts of Ailanthus Excelsa (AE) and Bauhinia Alba (BA) possess marked antioxidant, anti-inflammatory, and anticancer activities. Similarly, medicinal essential oils such as lavender oil (LO) and tea tree oil (TTO) have demonstrated promising cytotoxic potential against cancer cells. Nanoemulsions were developed for encapsulating AE and BA. The physicochemical characteristics of loaded nanocarriers including particle size, zeta potential, and colloidal stability were monitored for six months, confirming excellent stability. Comparative cytotoxicity in vitro studies demonstrated that both exhibited a substantially greater anticancer impact effects than their free extract or plain nanoparticles, Validation through in vivo experimentation using the Ehrlich Ascites Carcinoma (EAC) model confirmed the therapeutic efficacy of the loaded nanocarriers. Treatment enhanced antioxidant defences, as reflected by MDA and SOD levels, and produced marked antitumor and anti-proliferative effects supported by down regulation of Cyclin D1 and p38 MAPK. Histopathological evaluation revealed extensive necrotic and apoptotic regions, while Immunohistochemical analysis showed reduced BCL-2 expression in tumor tissues, corroborating the pro-apoptotic action of the two formulations. This study represents the first reported attempt to formulate and evaluate AE and BA-loaded lipidic nanoparticles, highlighting their promise as a targeted and innovative approach for breast cancer therapy. Further preclinical and clinical studies involving human models are warranted to support the potential translation of these formulations into clinical application. | |
| 520 | 3 | _a يُعدّ سرطان الثدي أحد أكثر الأورام الخبيثة شراسة وتهديدًا للحياة بين النساء على مستوى العالم. وتتحدد النتائج السريرية بعدة عوامل. وتمتلك المستخلصات الخام لنبات الإيلنط المتعالي ونبات البوهينيا البيضاء أنشطة ملحوظة مضادة للأكسدة ومضادة للالتهاب ومضادة للسرطان. وبالمثل، أظهرت الزيوت العطرية الطبية، مثل زيت اللافندر وزيت شجرة الشاي، قدرة واعدة على إحداث تأثيرات سُمّية خلوية ضد الخلايا السرطانية , تم تطوير مستحلبات نانوية لاحتواء مستخلصي الإيلنط المتعالي والبوهينيا البيضاء. وقد جرى تتبّع الخصائص الفيزيائية والكيميائية للناقلات النانوية المحمّلة، بما في ذلك حجم الجسيمات، وجهد زيتا، والاستقرار الغروي، لمدة ستة أشهر، مما أكد تمتعها بدرجة ممتازة من الثبات. وأظهرت دراسات السُمّية الخلوية المقارنة في المختبر أن الصيغتين النانويتين المحمّلتين أبدتا تأثيرًا مضادًا للسرطان أكبر بكثير مقارنة بالمستخلصات الحرة أو بالجسيمات النانوية غير المحمّلة.كما أكدت الدراسات داخل الجسم الحي باستخدام نموذج سرطان إيرليش الفعالية العلاجية للناقلات النانوية المحمّلة. إذ أدى العلاج إلى تعزيز آليات الدفاع المضادة للأكسدة، كما انعكس ذلك في مستويات المالوندايالدهيد ونشاط إنزيم سوبر أوكسيد ديسميوتاز، بالإضافة إلى إحداث تأثيرات واضحة مضادة للأورام ومثبِّطة لتكاثر الخلايا، مدعومة بخفض تنظيم تعبير بروتين السيكلين دي ١ ومساربي ۳۸ ماب كيناز.وكشف التقييم النسيجي المرضي عن وجود مناطق واسعة من النخر والاستماتة، في حين أظهر التحليل المناعي الكيميائي انخفاض تعبير بروتين بي سي إل- ۲في أنسجة الورم، مما يدعم التأثير المحفِّز للاستماتة لكلتا الصيغتين. وتمثل هذه الدراسة أول محاولة مُعلنة لتحضير وتقييم جسيمات نانوية دهنية محمّلة بمستخلصي الإيلنط المتعالي والباوهينيا البيضاء، مما يبرز إمكاناتها كنهج علاجي موجّه ومبتكر لعلاج سرطان الثدي. وتستدعي النتائج الحاجة إلى إجراء مزيد من الدراسات قبل السريرية والسريرية باستخدام نماذج بشرية لدعم إمكانية ترجمة هذه الصيغ إلى التطبيق السريري | |
| 530 | _aIssues also as CD. | ||
| 546 | _aText in English and abstract in Arabic & English. | ||
| 650 | 0 | _aAnticancer activity | |
| 650 | 0 | _aالنشاط المضاد للسرطان | |
| 653 | 1 |
_aAilanthus Excelsa _aBauhinia Alba _aBreast cancer _aEhrlich Ascites Carcinoma Model _alavender oil _alipid nanocarrier _aTea tree oil _aالأيلنط المتعالي _aالبوهينيا البيضاء |
|
| 700 | 0 |
_aRabab Mahmoud Ahmed El-Sherif _ethesis advisor. |
|
| 700 | 0 |
_aIbrahim Mohammed El -Sherbiny _ethesis advisor. |
|
| 900 |
_b01-01-2025. _cRabab Mahmoud Ahmed El-Sherif _cIbrahim Mohammed El -Sherbiny _UCairo University _FFaculty of Postgraduate Studies for Nanotechnology _DDepartment of Bio-Nanotechnology |
||
| 905 | _aShimaa | ||
| 942 |
_2ddc _cTH _e21 _n0 |
||
| 999 | _c180097 | ||